00345nam a22001097a 4500008004100000020001500041082001500056110002600071245011300097260001700210300000800227230717b xxu||||| |||| 00| 0 eng d a010286196X a363.4bHMS bNational Audit Office aHM Customs and Excise:The Seizure of Drug Traffickers' AssetsbReport by the Comptroller and Auditor General aLondonc1996 a37p